Stabilization and Structural Adjustment in Poland (Record no. 618019)

MARC details
000 -LEADER
fixed length control field 00548nam a2200181 a 4500
008 - FIXED-LENGTH DATA ELEMENTS--GENERAL INFORMATION
fixed length control field 260318s2026##################000#0#eng##
020 ## - INTERNATIONAL STANDARD BOOK NUMBER
ISBN 9780415100243
082 04 - DEWEY DECIMAL CLASSIFICATION NUMBER
Classification number 338.9439
Item number KIE
245 10 - TITLE STATEMENT
Title Stabilization and Structural Adjustment in Poland
Statement of responsibility, etc / edited by Henryk Kierzkowski , Marek Okólski , Stanislaw H. Wellisz
250 ## - EDITION STATEMENT
Edition statement 1st ed.
260 ## - PUBLICATION, DISTRIBUTION, ETC. (IMPRINT)
Name of publisher ‎ Routledge:
Year of publication 1993
300 ## - PHYSICAL DESCRIPTION
Number of Pages 326p.
650 ## - SUBJECT ADDED ENTRY--TOPICAL TERM
Topical Term Economics
Topical Term Economic policy
700 ## - ADDED ENTRY--PERSONAL NAME
Personal name Kierzkowski, Henryk editor
942 ## - ADDED ENTRY ELEMENTS (KOHA)
Koha item type English Books
Holdings
Withdrawn status Lost status Damaged status Not for loan Home library Current library Shelving location Date acquired Full call number Accession Number Price effective from Koha item type
        Anna Centenary Library Anna Centenary Library 4TH FLOOR, A WING 18.03.2026 338.9439 KIE 178066 18.03.2026 English Books

Find us on the map